000 00695nam a2200277Ia 4500
005 20260324134023.0
008 008 260324s9999 xx 000 0 eng d
020 _a9780080503349
037 _aEBOOK
040 _aCRL
040 _beng
040 _cCRL
041 _2eng
041 _aeng
084 _qCRL
100 _aShiv Mathur; Alfred Kenyon; Shiv Sahai Mathur; Alfred Kenyon
_91195271
245 0 _aCreating Value: Successful Business Strategies
260 _bTaylor and Francis
260 _c2002
365 _a
365 _b300
856 _uhttp://www.taylorfrancis.com/books/9780080503349
942 _cEBOOK
999 _c1794901
_d1794901